Aasian valtiot, joissa on eniten kristittyjä - Statistics

Yleistilastot
  • Tätä visaa on pelattu 475 kertaa
  • Keskiarvotulos 7 / 10
Vastaustilastot
# Valtio % % Oikein
43 milj. Kiina 3
96%
33 milj. Intia 2,3
94%
29 milj. Indonesia 10,5
82%
101 milj. Filippiinit 85,3
74%
14 milj. Etelä-Korea 27,6
71%
3,9 milj. Pakistan 1,6
63%
7,1 milj. Vietnam 7,1
62%
3,4 milj. Kazakstan 17,2
60%
3,3 milj. Georgia 88,1
42%
3,4 milj. Myanmar 6,2
39%
Ehtoja vastaavia visoja ei löytynyt
Tulosjakauma
Jokaisen tuloksen saaneiden osuus
Persentiili vastausten määrän mukaan
Tuloshistoriasi
Et ole pelannut tätä visaa